000 00324nam a2200133Ia 4500
005 20251222152655.0
008 251222s9999||||xx |||||||||||||| ||spa||
020 _a964661837
082 _a636.296.6/B81/Ej.2
100 _aBradford, B. Smith
245 0 _aLlama And Alpaca Neonatal Care
250 _a2da.ed.
942 _cLIB
999 _c28604
_d28604